Statistics for Lord of The Rings and The Hobbit Top 10's

Click here to take the quiz!

General Stats

  • This quiz has been taken 184 times
  • The average score is 23 of 30

Answer Stats

HintAnswer% Correct
Legolas Greenleaf
96%
Character Mentions in Lord of The RingsFrodo Baggins
95%
Well Known Bad GuysSauron
95%
Dwarf mentions in The HobbitThorin Oakenshield
95%
Aragorn
94%
Gandalf
94%
Gimli
94%
Samwise Gamgee
94%
Peregrin Took
93%
Fili
92%
Kili
92%
Meriadoc Brandybuck
92%
Balin
90%
Gloin
89%
Saruman
89%
Saruman
89%
Dwalin
88%
Bombur
85%
Bofur
80%
Bifur
77%
Dori
77%
Gollum/Smeagol
72%
Witch King
54%
Azog
48%
Shelob
48%
Wormtongue
46%
Smaug
44%
Bolg
33%
Durin's Bane
30%
The Watcher in the Water
8%

Score Distribution

Percentile by Number Answered

Percent of People with Each Score

Your Score History

You have not taken this quiz